<?xml version="1.0" encoding="UTF-8"?>
<record
    xmlns:xsi="http://www.w3.org/2001/XMLSchema-instance"
    xsi:schemaLocation="http://www.loc.gov/MARC21/slim http://www.loc.gov/standards/marcxml/schema/MARC21slim.xsd"
    xmlns="http://www.loc.gov/MARC21/slim">

  <leader>01569nam a2200193   4500</leader>
  <controlfield tag="003">OSt</controlfield>
  <controlfield tag="005">20231101084601.0</controlfield>
  <controlfield tag="008">231101b        |||||||| |||| 00| 0 eng d</controlfield>
  <datafield tag="020" ind1=" " ind2=" ">
    <subfield code="a">9789968589130</subfield>
  </datafield>
  <datafield tag="040" ind1=" " ind2=" ">
    <subfield code="c">Lado V</subfield>
  </datafield>
  <datafield tag="082" ind1=" " ind2=" ">
    <subfield code="a">708.972.86</subfield>
    <subfield code="b">C512p</subfield>
  </datafield>
  <datafield tag="100" ind1=" " ind2=" ">
    <subfield code="a">Chavarr&#xED;a Zamora, Mar&#xED;a Jos&#xE9; </subfield>
    <subfield code="9">2379</subfield>
  </datafield>
  <datafield tag="245" ind1=" " ind2=" ">
    <subfield code="a">Premios Salones Nacionales (1972-1993)</subfield>
  </datafield>
  <datafield tag="260" ind1=" " ind2=" ">
    <subfield code="a">San Jos&#xE9;, Costa Rica</subfield>
    <subfield code="b">Museo de Arte Costarricense</subfield>
    <subfield code="c">2018</subfield>
  </datafield>
  <datafield tag="300" ind1=" " ind2=" ">
    <subfield code="a">100 p.</subfield>
    <subfield code="b">il (col)</subfield>
    <subfield code="c">27,5 x 22 cm </subfield>
  </datafield>
  <datafield tag="505" ind1=" " ind2=" ">
    <subfield code="t">Premios de los salones nacionales (1972-1993)</subfield>
    <subfield code="t">I Sal&#xF3;n Anual de Artes Pl&#xE1;sticas, 1972</subfield>
    <subfield code="t">II Sal&#xF3;n Anual de Artes Pl&#xE1;sticas, 1973</subfield>
    <subfield code="t">III Sal&#xF3;n Anual de Artes Pl&#xE1;sticas, 1974</subfield>
    <subfield code="t">IV Sal&#xF3;n Anual de Artes Pl&#xE1;sticas, 1975</subfield>
    <subfield code="t">V Sal&#xF3;n Anual de Artes Pl&#xE1;sticas, 1976</subfield>
    <subfield code="t">VI Sal&#xF3;n Anual de Artes Pl&#xE1;sticas, 1977</subfield>
    <subfield code="t">VII Sal&#xF3;n Anual de Artes Pl&#xE1;sticas, 1978</subfield>
    <subfield code="t">I Sal&#xF3;n de Acuarela, 1979</subfield>
    <subfield code="t">I Sal&#xF3;n de Escultura y I Sal&#xF3;n de Artes Gr&#xE1;ficas, 1980</subfield>
    <subfield code="t">I Sal&#xF3;n de Dibujo "Tom&#xE1;s Povedano" y II Sal&#xF3;n de Acuarela "Margarita Bertheau", 1982</subfield>
    <subfield code="t">II Sal&#xF3;n de Artes Gr&#xE1;ficas "Max Jim&#xE9;nez" y II Sal&#xF3;n Extraordinario de Escultura "Juan Rafael Chac&#xF3;n", 1983</subfield>
    <subfield code="t">II Sal&#xF3;n de Fotograf&#xED;a "Abelardo Bonilla", 1985</subfield>
    <subfield code="t">Salones Nacionales de Artes Pl&#xE1;sticas, 1987</subfield>
    <subfield code="t">Salones Nacionales de Artes Pl&#xE1;sticas, 1989</subfield>
    <subfield code="t">Salones Nacionales de Artes Pl&#xE1;sticas, 1991</subfield>
    <subfield code="t">Salones Nacionales de Artes Pl&#xE1;sticas, 1993</subfield>
    <subfield code="t">Salas</subfield>
    <subfield code="t">Cr&#xE9;ditos institucionales </subfield>
  </datafield>
  <datafield tag="650" ind1=" " ind2=" ">
    <subfield code="x">Premios - Costa Rica</subfield>
    <subfield code="x">arte - premios</subfield>
    <subfield code="x">museos - premios</subfield>
    <subfield code="x">Cat&#xE1;logo de exhibici&#xF3;n</subfield>
    <subfield code="9">7143</subfield>
  </datafield>
  <datafield tag="942" ind1=" " ind2=" ">
    <subfield code="2">ddc</subfield>
    <subfield code="c">1</subfield>
    <subfield code="h">708.972.86</subfield>
    <subfield code="i">C512p</subfield>
    <subfield code="n">0</subfield>
  </datafield>
  <datafield tag="999" ind1=" " ind2=" ">
    <subfield code="c">1833</subfield>
    <subfield code="d">1833</subfield>
  </datafield>
  <datafield tag="952" ind1=" " ind2=" ">
    <subfield code="0">0</subfield>
    <subfield code="1">0</subfield>
    <subfield code="2">ddc</subfield>
    <subfield code="4">0</subfield>
    <subfield code="7">0</subfield>
    <subfield code="a">LV</subfield>
    <subfield code="b">LV</subfield>
    <subfield code="d">2019-08-22</subfield>
    <subfield code="i">004822</subfield>
    <subfield code="l">0</subfield>
    <subfield code="o">708.972.86 C512p</subfield>
    <subfield code="p">004822</subfield>
    <subfield code="r">2019-08-22 00:00:00</subfield>
    <subfield code="w">2019-08-22</subfield>
    <subfield code="y">01</subfield>
  </datafield>
  <datafield tag="952" ind1=" " ind2=" ">
    <subfield code="0">0</subfield>
    <subfield code="1">0</subfield>
    <subfield code="2">ddc</subfield>
    <subfield code="4">0</subfield>
    <subfield code="7">0</subfield>
    <subfield code="a">LV</subfield>
    <subfield code="b">LV</subfield>
    <subfield code="d">2019-08-22</subfield>
    <subfield code="i">003866</subfield>
    <subfield code="l">0</subfield>
    <subfield code="o">708.972.86 C512p</subfield>
    <subfield code="p">003866</subfield>
    <subfield code="r">2023-11-01 00:00:00</subfield>
    <subfield code="w">2019-08-22</subfield>
    <subfield code="y">01</subfield>
  </datafield>
</record>
